Click the country in blue - Statistics

General Stats
  • This quiz has been taken 280 times
  • The average score is 6 of 15
Answers on the Map
Answers color-coded by a green-red scale on the quiz's map according to % correct below.
 
Answer Stats
Answer % Correct
usa
97%
egypt
84%
botswana
74%
sudan
72%
niger
60%
gabon
48%
syria
41%
qatar
34%
haiti
23%
india
21%
peru
15%
russia
14%
france
13%
denmark
11%
greece
8%
No matching quizzes found
Score Distribution
Percent of People with Each Score
Percentile by Number Answered
Your Score History
You have not taken this quiz